ბათუმის შოთა რუსთაველის სახელმწიფო უნივერსიტეტის ბიბლიოთეკა

ინვესტირების საფუძვლები = Fundamentals of investing : (ბიბ.ჩანაწერი № 51317)

000 -ლიდერი
ფიქსირებული სიგრძის საკონტროლო ველი 01846nam a2200337Ia 4500
001 - საკონტროლო ნომერი
საკონტროლო ველი 18286
003 - საკონტროლო ნომრის იდენტიფიკატორი
საკონტროლო ველი GE_BSU
005 - ბოლო ოპერაციის თარიღი და დრო
საკონტროლო ველი 20211209120002.0
008 - ფიქსირებული სიგრძის მონაცემთა ელემენტები - ზოგადი ინფორმაცია
ფიქსირებული სიგრძის საკონტროლო ველი 181216s2012||||ge |||||||||||||| ||geo||
020 ## - წიგნის საერთაშორისო სტანდარტული ნომერი
International Standard Book Number 9789941005695
040 ## - კატალოგიზაციის წყარო
Transcribing agency GE_BSU
041 ## - ენის კოდი
Language code of text/sound track or separate title geo
080 ## - უნივერსალური ათობითი კლასიფიკაციის ინდექსი
Universal Decimal Classification number 330.322 ი-58
245 ## - ცნობა სათაურის შესახებ
Title ინვესტირების საფუძვლები = Fundamentals of investing :
Remainder of title სახელმძღვ. /
Statement of responsibility, etc ლორენს გიტმანი, მაიკლ ჯონკი, ჰაროლდ ბირმანი, სეიმორ შმიდტი ; შეავსო, თარგმნა და რედ. გაუკეთა ლამარა ქოქიაურმა.
250 ## - გამოცემის ცნობა
Edition statement მესამე გამოცემა
264 ## - წარმოების, გამოცემის, დისტრიბუციის და სხვა ცნობები
გამოცემის, წარმოების, დისტრიბუციის... ადგილი თბილისი,
გამოცემის, წარმოების, დისტრიბუციის... თარიღი 2012.
300 ## - ფიზიკური აღწერა
Extent 764 გვ.:
Other physical details ცხრ., ილ. ;
Dimensions 27 სმ.
501 ## - შენიშვნა თანმხლებ მასალაზე
With note დანართი: გვ. 742-757.
653 ## - INDEX TERM--UNCONTROLLED
Uncontrolled term ინვესტირება
653 ## - INDEX TERM--UNCONTROLLED
Uncontrolled term საინვესტიციო ბაზრები
653 ## - INDEX TERM--UNCONTROLLED
Uncontrolled term საინვესტიციო გარიგებები
653 ## - INDEX TERM--UNCONTROLLED
Uncontrolled term საბაზრო კონიუქტურა
653 ## - INDEX TERM--UNCONTROLLED
Uncontrolled term კონვერტირებული ფასიანი ქაღალდები
653 ## - INDEX TERM--UNCONTROLLED
Uncontrolled term ობლიგაციები
700 ## - ADDED ENTRY--PERSONAL NAME
Personal name გიტმანი, ლორენს
Relator term ავტორი
9 (RLIN) 13229
700 ## - ADDED ENTRY--PERSONAL NAME
Personal name ჯონკი, მაიკლ
Relator term ავტორი
9 (RLIN) 13230
700 ## - ADDED ENTRY--PERSONAL NAME
Personal name ბირმანი, ჰაროლდ
Relator term ავტორი
9 (RLIN) 13231
700 ## - ADDED ENTRY--PERSONAL NAME
Personal name შმიდტი, სეიმორ
Relator term ავტორი
9 (RLIN) 13232
700 ## - ADDED ENTRY--PERSONAL NAME
Personal name ქოქიაური, ლამარა
Relator term მთარგმ. რედაქტორი
9 (RLIN) 3369
942 ## - ADDED ENTRY ELEMENTS (KOHA)
Koha item type წიგნი
Source of classification or shelving scheme
ეგზემპლარები
ჩამოწერის სტატუსი დაკარგული ეგზემპლარის სტატუსი კლასიფიკაციის წყარო ან თაროზე გაწყობის სქემა დაზიანების სტატუსი არ გაიცემა მუდმივი მდებარეობა (დაცვის ადგილი) ამჟამინდელი ადგილსამყოფელი თაროზე განთავსების ადგილი შეძენის თარიღი ღირებულება, შესყიდვის ნორმალური ფასი სრული შენახვის შიფრი შტრიხკოდი ბოლო ოპერაციის თარიღი ეგზემპლარის მიმდევრობითი ნომერი (კეტერი?) ფასის ძალაში შესვლის თარიღი ეგზემპლარის სახეობა საჯარო შენიშვნა
          ბათუმის შოთა რუსთაველის სახელმწიფო უნივერსიტეტის მთავარი ბიბლიოთეკა ბათუმის შოთა რუსთაველის სახელმწიფო უნივერსიტეტის მთავარი ბიბლიოთეკა წიგნსაცავი 2018-12-17 35.00 330.322 ი-58 46563 2018-12-17 46563 2018-12-17 წიგნი 35 ლ.
          ბათუმის შოთა რუსთაველის სახელმწიფო უნივერსიტეტის მთავარი ბიბლიოთეკა ბათუმის შოთა რუსთაველის სახელმწიფო უნივერსიტეტის მთავარი ბიბლიოთეკა წიგნსაცავი 2018-12-17 35.00 330.322 ი-58 46564 2018-12-17 46564 2018-12-17 წიგნი 35 ლ.
          ბათუმის შოთა რუსთაველის სახელმწიფო უნივერსიტეტის მთავარი ბიბლიოთეკა ბათუმის შოთა რუსთაველის სახელმწიფო უნივერსიტეტის მთავარი ბიბლიოთეკა წიგნსაცავი 2018-12-17 35.00 330.322 ი-58 46565 2018-12-17 46565 2018-12-17 წიგნი 35 ლ.
          ბათუმის შოთა რუსთაველის სახელმწიფო უნივერსიტეტის მთავარი ბიბლიოთეკა ბათუმის შოთა რუსთაველის სახელმწიფო უნივერსიტეტის მთავარი ბიბლიოთეკა წიგნსაცავი 2018-12-17 35.00 330.322 ი-58 46566 2018-12-17 46566 2018-12-17 წიგნი 35 ლ.
          ბათუმის შოთა რუსთაველის სახელმწიფო უნივერსიტეტის მთავარი ბიბლიოთეკა ბათუმის შოთა რუსთაველის სახელმწიფო უნივერსიტეტის მთავარი ბიბლიოთეკა წიგნსაცავი 2018-12-17 35.00 330.322 ი-58 46567 2018-12-17 46567 2018-12-17 წიგნი 35 ლ.
          ბათუმის შოთა რუსთაველის სახელმწიფო უნივერსიტეტის მთავარი ბიბლიოთეკა ბათუმის შოთა რუსთაველის სახელმწიფო უნივერსიტეტის მთავარი ბიბლიოთეკა წიგნსაცავი 2018-12-17 35.00 330.322 ი-58 46568 2018-12-17 46568 2018-12-17 წიგნი 35 ლ.
          ბათუმის შოთა რუსთაველის სახელმწიფო უნივერსიტეტის მთავარი ბიბლიოთეკა ბათუმის შოთა რუსთაველის სახელმწიფო უნივერსიტეტის მთავარი ბიბლიოთეკა წიგნსაცავი 2018-12-17 35.00 330.322 ი-58 46569 2018-12-17 46569 2018-12-17 წიგნი 35 ლ.
          ბათუმის შოთა რუსთაველის სახელმწიფო უნივერსიტეტის მთავარი ბიბლიოთეკა ბათუმის შოთა რუსთაველის სახელმწიფო უნივერსიტეტის მთავარი ბიბლიოთეკა წიგნსაცავი 2018-12-17 35.00 330.322 ი-58 46570 2018-12-17 46570 2018-12-17 წიგნი 35 ლ.
          ბათუმის შოთა რუსთაველის სახელმწიფო უნივერსიტეტის მთავარი ბიბლიოთეკა ბათუმის შოთა რუსთაველის სახელმწიფო უნივერსიტეტის მთავარი ბიბლიოთეკა წიგნსაცავი 2018-12-17 35.00 330.322 ი-58 46571 2018-12-17 46571 2018-12-17 წიგნი 35 ლ.
          ბათუმის შოთა რუსთაველის სახელმწიფო უნივერსიტეტის მთავარი ბიბლიოთეკა ბათუმის შოთა რუსთაველის სახელმწიფო უნივერსიტეტის მთავარი ბიბლიოთეკა წიგნსაცავი 2018-12-17 35.00 330.322 ი-58 46572 2018-12-17 46572 2018-12-17 წიგნი 35 ლ.